Měření teplot v průmyslu 1., 2. díl
Guardado en:
| Formato: | Libro |
|---|---|
| Publicado: |
Praha :
Dom techniky ČSVTS,
1989
|
| Etiquetas: |
Sin Etiquetas, Sea el primero en etiquetar este registro!
|
MARC
| LEADER | 00000nam a22000003a 4500 | ||
|---|---|---|---|
| 001 | stu48655 | ||
| 005 | 20150408180106.7 | ||
| 008 | ------s1989----cs----------------------d | ||
| 040 | |a STU |b slo | ||
| 041 | 0 | ||
| 044 | |a cs | ||
| 080 | |a 536.5/.6 | ||
| 245 | |a Měření teplot v průmyslu 1., 2. díl | ||
| 260 | |a Praha : |b Dom techniky ČSVTS, |c 1989 | ||
| 300 | |a 216 s | ||
| 996 | |b J83903 |c J*83903-83904/K 16 |l JJK16 |s P |a 0 |w stu48655_0001 | ||
| 996 | |b J83904 |c J*83903-83904/K 16 |l JJK16 |s P |a 0 |w stu48655_0002 | ||